| 000 | 00738nam a2200181Ia 4500 | ||
|---|---|---|---|
| 008 | 151202s9999||||xx |||||||||||||| ||und|| | ||
| 082 | _bPNVM-12670 | ||
| 100 | _aटिपणीस गोविंद गोपाळ. | ||
| 245 | _aकौटिलीय अर्थशास्त्र - प्रदीप. | ||
| 260 | _bस.गो.विरकुड. | ||
| 260 | _c0 | ||
| 300 | _a0 | ||
| 600 | _aटिपणीस गोविंद गोपाळ. | ||
| 630 | _aकौटिलीय अर्थशास्त्र - प्रदीप. | ||
| 700 | _aटिपणीस गोविंद गोपाळ. | ||
| 730 | _aकौटिलीय अर्थशास्त्र - प्रदीप. | ||
| 942 | _cBOOK | ||
| 999 |
_c1278657 _d1278654 |
||